000 00348nam a2200133 i 4500
001 bg
100 1 _aSZYLING, Zbigniew
245 0 _aWspółczesne metody uszczelnień obiektów hydrotechnicznych /
_cZbigniew Szyling.
260 _aWrocław,
_c1978.
040 _cBPK
041 _apol
942 _cKS
008 s pl f |000 0 pol
999 _c17752
_d17752
856 _uhttp://koha.tu.koszalin.pl/cgi-bin/koha/opac-detail.pl?biblionumber=17752
_yKatalog online BPK